Property investment depreciation and obsolescence (Record no. 115163)

MARC details
000 -LEADER
fixed length control field 00559cam a22001935a 4500
001 - CONTROL NUMBER
control field L158135
008 - FIXED-LENGTH DATA ELEMENTS--GENERAL INFORMATION
fixed length control field 140901s1991 xxk f 000 0 eng d
020 ## - INTERNATIONAL STANDARD BOOK NUMBER
International Standard Book Number 0415048028
035 ## - SYSTEM CONTROL NUMBER
System control number (Sirsi) u158135
041 0# - LANGUAGE CODE
Language code of text/sound track or separate title eng
100 1# - MAIN ENTRY--PERSONAL NAME
Personal name Baum, A.
245 00 - TITLE STATEMENT
Title Property investment depreciation and obsolescence
260 ## - PUBLICATION, DISTRIBUTION, ETC.
Place of publication, distribution, etc. London
Date of publication, distribution, etc. Routledge
Name of publisher, distributor, etc. 1991
520 ## - SUMMARY, ETC.
Summary, etc. Explores the role of depreciation and obsolescence in the property investment process
651 #4 - SUBJECT ADDED ENTRY--GEOGRAPHIC NAME
Geographic name United Kingdom
Chronological subdivision
690 ## - LOCAL SUBJECT ADDED ENTRY--TOPICAL TERM (OCLC, RLIN)
Topical term or geographic name as entry element Valuation
9 (RLIN) 6273
690 ## - LOCAL SUBJECT ADDED ENTRY--TOPICAL TERM (OCLC, RLIN)
Topical term or geographic name as entry element Investments
9 (RLIN) 6250
942 ## - ADDED ENTRY ELEMENTS (KOHA)
Suppress in OPAC 0
Holdings
Withdrawn status Lost status Source of classification or shelving scheme Damaged status Not for loan Home library Current library Shelving location Date acquired Total Checkouts Full call number Barcode Date last seen Copy number Price effective from Koha item type
    Dewey Decimal Classification     London London Basement 01/09/2014   BASEMENT 30026685 06/08/2019 1 06/08/2019 Book